<?xml version="1.0" encoding="UTF-8"?><collection xmlns="info:lc/xmlns/marcxchange-v2"><record format="Unimarc" type="bibliographic"><leader>00526nam  2200181   450 </leader><controlfield tag="001">2106387</controlfield><controlfield tag="003">http://id.bnportugal.gov.pt/bib/porbase/2106387</controlfield><datafield ind1=" " ind2=" " tag="010"><subfield code="a">0-312-43588-6</subfield></datafield><datafield ind1=" " ind2=" " tag="035"><subfield code="a">UALLC_BC_126.iso/16-03-2009/1041</subfield></datafield><datafield ind1=" " ind2=" " tag="100"><subfield code="a">19960124d19799999k  y0pory0103    ba</subfield></datafield><datafield ind1="0" ind2=" " tag="101"><subfield code="a">eng</subfield></datafield><datafield ind1=" " ind2=" " tag="102"><subfield code="a">US</subfield></datafield><datafield ind1="1" ind2=" " tag="200"><subfield code="a">Iran</subfield><subfield code="e">&lt;the &gt;illusion of power</subfield><subfield code="f">Robert Graham</subfield></datafield><datafield ind1=" " ind2=" " tag="205"><subfield code="a">Rev. ed</subfield></datafield><datafield ind1=" " ind2=" " tag="210"><subfield code="a">New York</subfield><subfield code="c">St. Martin´s Press</subfield><subfield code="d">1979</subfield></datafield><datafield ind1=" " ind2=" " tag="215"><subfield code="a">276 p.</subfield><subfield code="d">21 cm</subfield></datafield><datafield ind1=" " ind2=" " tag="675"><subfield code="a">321.6(55)"197"</subfield><subfield code="v">BN</subfield><subfield code="z">por</subfield></datafield><datafield ind1=" " ind2="1" tag="700"><subfield code="a">Graham</subfield><subfield code="b">Robert</subfield><subfield code="4">070</subfield></datafield><datafield ind1=" " ind2="0" tag="801"><subfield code="a">PT</subfield><subfield code="b">UALLC</subfield><subfield code="g">RPC</subfield></datafield></record></collection>